Capitals by First & Last Letter Quiz Stats

 Plays Quiz Updated Apr 18, 2019

Score 0/197 Timer 06:00
7 Plays Today
Country Capital % Correct
South Africa(P)retori(A)
95.2%
Nigeria(A)buj(A)
92.2%
Ghana(A)ccr(A)
92.2%
Ethiopia(A)ddis abab(A)
92.2%
Andorra(A)ndorra la vell(A)
92.2%
Turkey(A)nkar(A)
92.2%
Samoa(A)pi(A)
92.2%
Eritrea(A)smar(A)
92.1%
Kazakhstan(A)stan(A)
92.1%
Sri Lanka(S)ri jayawardenepura kott(E)
91.6%
Brunei(B)andar seri begawa(N)
90.7%
Belize(B)elmopa(N)
90.7%
Germany(B)erli(N)
90.7%
Switzerland(B)er(N)
90.7%
Barbados(B)ridgetow(N)
90.7%
Algeria(A)lgier(S)
90.1%
Greece(A)then(S)
90.1%
Colombia(B)ogot(Á)
90.1%
Brazil(B)rasili(A)
90.1%
Slovakia(B)ratislav(A)
90.1%
Burundi(G)iteg(A)
87.6%
Portugal(L)isbo(N)
85.8%
United Kingdom(L)ondo(N)
85.8%
Australia(C)anberr(A)
85.7%
Netherlands(A)msterda(M)
84.8%
Swaziland(M)baban(E)
84.2%
Ireland(D)ubli(N)
83.5%
Belgium(B)russel(S)
83.1%
Argentina(B)uenos aire(S)
83.1%
China(B)eijin(G)
82.9%
Egypt(C)air(O)
82.3%
Lebanon(B)eiru(T)
82.2%
Romania(B)uchares(T)
82.2%
Hungary(B)udapes(T)
82.2%
Vietnam(H)ano(I)
81.9%
Finland(H)elsink(I)
81.9%
Côte d'Ivoire(Y)ammoussoukr(O)
81.5%
Denmark(C)openhage(N)
81.5%
Jordan(A)mma(N)
80.1%
Paraguay(A)sunció(N)
80.1%
Peru(L)im(A)
79.6%
Slovenia(L)jubljan(A)
79.6%
Angola(L)uand(A)
79.6%
Zambia(L)usak(A)
79.6%
Bolivia(L)a pa(Z)
79%
Nicaragua(M)anagu(A)
78.9%
Bahrain(M)anam(A)
78.9%
Philippines(M)anil(A)
78.9%
Liberia(M)onrovi(A)
78.9%
Cuba(H)avan(A)
78.8%
Solomon Islands(H)oniar(A)
78.8%
Marshall Islands(M)ajur(O)
78.8%
Equatorial Guinea(M)alab(O)
78.8%
Mozambique(M)aput(O)
78.8%
Monaco(M)onac(O)
78.8%
Uruguay(M)ontevide(O)
78.8%
France(P)ari(S)
78.1%
Mauritius(P)ort loui(S)
78.1%
Bangladesh(D)hak(A)
77.7%
Tanzania(D)odom(A)
77.7%
Qatar(D)oh(A)
77.7%
Timor-Leste(D)il(I)
77.5%
Djibouti(D)jibout(I)
77.5%
Thailand(B)angko(K)
77.4%
Kyrgyzstan(B)ishke(K)
77.4%
Malaysia(K)uala lumpu(R)
77.4%
Country Capital % Correct
Iraq(B)aghda(D)
77.3%
Russia(M)osco(W)
77.3%
Spain(M)adri(D)
76.5%
Mexico(M)exico cit(Y)
76.4%
Kenya(N)airob(I)
75.4%
India(N)ew delh(I)
75.4%
United Arab Emirates(A)bu dhab(I)
75.3%
Saint Kitts and Nevis(B)asseterr(E)
75%
Serbia(B)elgrad(E)
75%
Republic of the Congo(B)razzavill(E)
75%
Canada(O)ttaw(A)
74.9%
Norway(O)sl(O)
74.6%
Italy(R)om(E)
72.6%
Israel(J)erusale(M)
72%
San Marino(S)an marin(O)
71.9%
Chile(S)antiag(O)
71.9%
Dominican Republic(S)anto doming(O)
71.9%
Bosnia and Herzegovina(S)arajev(O)
71.9%
United States of America(W)ashingto(N)
71.7%
Jamaica(K)ingsto(N)
71.7%
Saint Vincent and the Grenadines(K)ingstow(N)
71.7%
Georgia(T)bils(I)
71.6%
Yemen(S)ana'(A)
70.7%
Bulgaria(S)ofi(A)
70.7%
Fiji(S)uv(A)
70.7%
Venezuela(C)araca(S)
70.5%
Saint Lucia(C)astrie(S)
70.5%
Indonesia(J)akart(A)
70.4%
South Sudan(J)ub(A)
70.4%
Costa Rica(S)an jos(É)
70.2%
São Tomé and Príncipe(S)ao tom(É)
70.2%
Singapore(S)ingapor(E)
70.2%
North Macedonia(S)kopj(E)
70.2%
Ukraine(K)yi(V)
69.7%
Chad(N)'djamen(A)
69.6%
Cyprus(N)icosi(A)
69.6%
Tonga(N)uku'alof(A)
69.6%
Haiti(P)ort-au-princ(E)
68.8%
Czech Republic(P)ragu(E)
68.8%
Japan(T)oky(O)
66.7%
Benin(P)orto-nov(O)
66.6%
Panama(P)anama cit(Y)
66.4%
Papua New Guinea(P)ort moresb(Y)
66.4%
Montenegro(P)odgoric(A)
66.1%
Vanuatu(P)ort vil(A)
66.1%
Cabo Verde(P)rai(A)
66.1%
Kosovo(P)ristin(A)
66.1%
Azerbaijan(B)ak(U)
66%
Guinea-Bissau(B)issa(U)
66%
Estonia(T)allin(N)
65.9%
Iran(T)ehra(N)
65.9%
Syria(D)amascu(S)
65.8%
New Zealand(W)ellingto(N)
65.8%
Latvia(R)ig(A)
65.2%
Uganda(K)ampal(A)
65.2%
Democratic Republic of the Congo(K)inshas(A)
65.2%
Malta(V)allett(A)
63.7%
Seychelles(V)ictori(A)
63.7%
Austria(V)ienn(A)
63.7%
Sweden(S)tockhol(M)
63.4%
Luxembourg(L)uxembour(G)
63.3%
Pakistan(I)slamaba(D)
62.9%
Iceland(R)eykjavi(K)
62.6%
Madagascar(A)ntananariv(O)
61.7%
Kiribati(T)araw(A))
60.5%
Guatemala(G)uatemala cit(Y)
59.9%
Country Capital % Correct
Honduras(T)egucigalp(A)
59.8%
Albania(T)iran(A)
59.8%
Taiwan(T)aipe(I)
59.6%
Libya(T)ripol(I)
59.6%
South Korea(S)eou(L)
59.3%
Afghanistan(K)abu(L)
59.1%
Kuwait(K)uwait cit(Y)
58.6%
Nepal(K)athmand(U)
58.2%
North Korea(P)yongyan(G)
57.9%
Maldives(M)al(É)
57.6%
Zimbabwe(H)arar(E)
57.5%
Belarus(M)ins(K)
55.8%
Central African Republic(B)angu(I)
55.7%
Mali(B)amak(O)
55.4%
Vatican City(V)atican cit(Y)
55.3%
Moldova(C)hișină(U)
54.9%
Palestine(R)amalla(H)
54.8%
Poland(W)arsa(W)
54.8%
Lesotho(M)aser(U)
53.2%
Somalia(M)ogadish(U)
53.2%
Turkmenistan(A)shgaba(T)
52.8%
Gabon(L)ibrevill(E)
52.4%
Malawi(L)ilongw(E)
52.4%
Togo(L)om(É)
52.4%
Senegal(D)aka(R)
51.5%
Guyana(G)eorgetow(N)
51.4%
Tajikistan(D)ushanb(E)
51.4%
Tunisia(T)uni(S)
51%
Ecuador(Q)uit(O)
50.7%
Bahamas(N)assa(U)
50.4%
Rwanda(K)igal(I)
49.9%
Trinidad and Tobago(P)ort of spai(N)
49.6%
Morocco(R)aba(T)
49.4%
Saudi Arabia(R)iyad(H)
49.2%
Sierra Leone(F)reetow(N)
48.9%
El Salvador(S)an salvado(R)
48%
Botswana(G)aboron(E)
47.5%
Gambia(B)anju(L)
47.3%
Sudan(K)hartou(M)
47.1%
Suriname(P)aramarib(O)
47%
Oman(M)usca(T)
46.6%
Croatia(Z)agre(B)
46.5%
Comoros(M)oron(I)
46%
Guinea(C)onakr(Y)
43.9%
Mongolia(U)laanbaata(R)
40.8%
Cambodia(P)hnom pen(H)
40.3%
Grenada(S)t. george'(S)
40.1%
Antigua and Barbuda(S)t. john'(S)
40.1%
Lithuania(V)ilniu(S)
40%
Laos(V)ientian(E)
39.6%
Tuvalu(F)unafut(I)
39.5%
Liechtenstein(V)adu(Z)
38.3%
Burkina Faso(O)uagadougo(U)
38%
Uzbekistan(T)ashken(T)
36.8%
Bhutan(T)himph(U)
36.1%
Nauru(Y)are(N)
36%
Armenia(Y)ereva(N)
36%
Niger(N)iame(Y)
35.3%
Myanmar(N)aypyida(W)
31%
Mauritania(N)ouakchot(T)
30.8%
Dominica(R)osea(U)
30%
Cameroon(Y)aound(É)
30%
Namibia(W)indhoe(K)
29%
Micronesia(P)aliki(R)
27.9%
Palau(N)gerulmu(D)
25.8%

You're not logged in!

Compare scores with friends on all Sporcle quizzes.
OR
Log In

Show Comments

Extras

Top Quizzes Today


Score Distribution

Your Account Isn't Verified!

In order to create a playlist on Sporcle, you need to verify the email address you used during registration. Go to your Sporcle Settings to finish the process.

Report this User

Report this user for behavior that violates our Community Guidelines.

Details: